LEADER 01426oam 2200457zu 450 001 9910872692103321 005 20241212214920.0 035 $a(CKB)111026746726152 035 $a(SSID)ssj0000454984 035 $a(PQKBManifestationID)12176938 035 $a(PQKBTitleCode)TC0000454984 035 $a(PQKBWorkID)10415609 035 $a(PQKB)10979367 035 $a(NjHacI)99111026746726152 035 $a(EXLCZ)99111026746726152 100 $a20160829d2000 uy 101 0 $aeng 135 $aur||||||||||| 181 $ctxt 182 $cc 183 $acr 200 10$a1999 12th IEEE International Pulsed Power Conference 210 31$a[Place of publication not identified]$cI E E E$d2000 215 $a1 online resource 300 $aBibliographic Level Mode of Issuance: Monograph 311 08$a9780780354982 311 08$a0780354982 606 $aNuclear engineering$vCongresses 606 $aPlasma dynamics$vCongresses 615 0$aNuclear engineering 615 0$aPlasma dynamics 676 $a621.3815/34 700 $aStallings$b Charles$01231998 701 $aStallings$b Charles$01231998 701 $aKirbie$b H. C$g(Hugh C.)$01231999 712 02$aInstitute of Electrical and Electronics Engineers, Inc. Staff 801 0$bPQKB 906 $aPROCEEDING 912 $a9910872692103321 996 $a1999 12th IEEE International Pulsed Power Conference$92860625 997 $aUNINA LEADER 02013nam0 2200493 i 450 001 VAN00103376 005 20250919124102.939 017 70$2N$a9783319053110 100 $a20151104d2014 |0itac50 ba 101 $aeng 102 $aCH 105 $a|||| ||||| 181 $ai$b e 182 $ab 183 $acr 200 1 $aInequalities$ewith applications to engineering$fMichael J. Cloud, Byron C. Drachman, Leonid P. Lebedev 205 $a2. ed 210 $aCham$cSpringer$d2014 215 $aXIII, 239 p.$cill.$d24 cm 500 1$3VAN00240786$aInequalities : with applications to engineering$92983447 606 $a00A69$xGeneral applied mathematics [MSC 2020]$3VANC022597$2MF 606 $a26Dxx$xInequalities in real analysis [MSC 2020]$3VANC026604$2MF 610 $aApplied analysis$9KW:K 610 $aFunctional Analysis$9KW:K 610 $aInequalities$9KW:K 610 $aMinimum-maximum problems$9KW:K 610 $aQuadratic inequalities$9KW:K 610 $aTheory of linear elasticity$9KW:K 620 $aCH$dCham$3VANL001889 700 1$aCloud$bMichael J.$3VANV080669$041158 701 1$aDrachman$bByron C.$3VANV080670$041159 701 1$aLebedev$bLeonid P.$3VANV042343$031862 712 $aSpringer $3VANV108073$4650 790 1$aLebedev, Leonid Petrovich$zLebedev, Leonid P.$3VANV262436 790 1$aLebedev, L. P.$zLebedev, Leonid P.$3VANV262437 790 1$aLebedev, L.P.$zLebedev, Leonid P.$3VANV262438 801 $aIT$bSOL$c20260410$gRICA 856 4 $uhttp://dx.doi.org/10.1007/978-3-319-05311-0$zE-book ? Accesso al full-text attraverso riconoscimento IP di Ateneo, proxy e/o Shibboleth 899 $aBIBLIOTECA CENTRO DI SERVIZIO SBA$2VAN15 912 $fN 912 $aVAN00103376 950 $aBIBLIOTECA CENTRO DI SERVIZIO SBA$d15CONS SBA EBOOK 4726 $e15EB 4726 20191107 996 $aInequalities : with applications to engineering$92983447 997 $aUNICAMPANIA